000
00311nam a22001337a 4500
008
170713b xxu||||| |||| 00| 0 eng d
020
_a
094641572900159500000000
041
_a
eng
080
_a
101
100
_a
24
101
_a
FIL
245
_a
THE CONSOLATIONS OF PHILOSOPHY
_c
BOTTON,A.D
942
_2
udc
_c
BK
999
_c
20660
_d
20660